Uncover and Unscramble the Flag Game - Statistics

General Stats
  • This quiz has been taken 48 times
  • The average score is 5 of 10
Answers on the Map
Answers color-coded by a green-red scale on the quiz's map according to % correct below.
 
Answer Stats
Challenge/Questions Answer % Correct
x=15y=9+x x=7+z What is x+y+z? 47
84%
Spell the name of the most populous capital in Oceania backwards ARREBNAC
78%
List the gas giants in order from furthest to closest to the sun Neptune, Uranus, Saturn, Jupiter
56%
It is 4:25. If the clock hands rotated 90 degrees anticlockwise, what time is it? 1: 10
50%
Country which has won the FIFA World Cup the most - last 2 letters + internet code of South Africa + 'city' in French Brazzaville
44%
Molar mass of water + molar mass of methane (to 2 significant figures) 34g/mol
41%
Country that begins and ends with the same letter, with exceptions: does not start with A or S and is not in Europe Central African Republic
41%
"Sweet are the uses of adversity which, like the _(x)___, ugly and venomous, wears yet a precious _(z)___ in his head." Toad Jewel
38%
The starting letter of the Rugby World Cup winners from most recent to least recent (since 2003) SNNSE
34%
UNSCRAMBLE THE PUZZLE IN ORDER (eg. 743285961) - Order: First number top left, second number top middle, third number top right, fourth number middle left, etc. 628593741
6%
No matching quizzes found
Score Distribution
Percent of People with Each Score
Percentile by Number Answered
Your Score History
You have not taken this quiz